Statistics for Countries with the Lowest Population Growth

Click here to take the quiz!

General Stats

  • This quiz has been taken 239 times
  • The average score is 15 of 30

Answer Stats

# Rate % Country % Correct
6-0.47Russia
81%
14-0.28Japan
78%
17-0.21Germany
71%
4-0.62Ukraine
69%
16-0.25Romania
67%
15-0.28Lithuania
66%
5-0.60Latvia
66%
7-0.47Serbia
66%
3-0.64Estonia
65%
10-0.36Belarus
65%
19-0.16Slovenia
65%
27-0.06Poland
63%
18-0.17Hungary
62%
26-0.07Moldova
61%
1-0.78Bulgaria
61%
300.03Austria
60%
25-0.08Croatia
59%
290.01Bosnia and Herzegovina
59%
22-0.12Czech Republic
57%
2-0.71Montenegro
52%
21-0.12Monaco
43%
12-0.33Georgia
39%
280.00Vatican City
28%
23-0.10Cuba
26%
9-0.38South Africa
14%
11-0.33Saint Vincent and the Grenadines
11%
24-0.09Trinidad and Tobago
11%
13-0.31Federated States of Micronesia
10%
20-0.15Maldives
9%
8-0.44Guyana
9%

Score Distribution

Percentile by Number Answered

Percent of People with Each Score

Your Score History

You have not taken this quiz